000
00206 a2200097 4500
001
7999
100
_a
Jasimuddin
245
_a
Field of the embroidered quilt
260
_a
_b
Oxford
_c
090
_c
6408
_d
6408
942
_a
NUST-CAE
_c
M
_c
32943
999
_c
243072
_d
243072